[Event "Koge Xtracon op"]
[Site "Koge"]
[Date "2014.10.12"]
[Round "3"]
[White "Stojanovski, Sandi"]
[Black "Singh, Karamtej"]
[Result "1-0"]
[WhiteElo "2167"]
[BlackElo "1827"]
[PlyCount "73"]
[EventDate "2014.10.11"]
[EventType "swiss"]
[EventRounds "9"]
[EventCountry "DEN"]
[SourceTitle "EXT 2015"]
[Source "ChessBase"]
[SourceDate "2014.11.20"]
[SourceVersion "1"]
[SourceVersionDate "2014.11.20"]
[SourceQuality "1"]

1. d4 Nf6 2. c4 g6 3. Nc3 Bg7 4. e4 d6 5. Nf3 0-0 6. Be2 e5 7. 0-0 Nc6 8. Be3 Ng4 9. Bg5 f6 10. Bc1 exd4 11. Nxd4 Nxd4 12. Qxd4 Be6 13. Qd1 Ne5 14. f4 Nd7 15. f5 Bf7 16. Bf4 Ne5 17. b3 c6 18. Kh1 Qa5 19. Rc1 Rad8 20. Qc2 Rd7 21. h3 Rfd8 22. Rfd1 Bf8 23. Bf1 Kg7 24. Be3 Rc8 25. Qf2 Qd8 26. Ne2 b6 27. Nf4 g5 28. Nd3 Nxd3 29. Bxd3 d5 30. cxd5 cxd5 31. Rxc8 Qxc8 32. e5 fxe5 33. f6+ Kg8 34. Bf5 h6 35. Qg3 d4 36. Bxg5 hxg5 37. Qxg5+ 1-0

[Event "Calgary March of Kings"]
[Site "Calgary"]
[Date "1995.??.??"]
[Round "3"]
[White "Ottosen, David"]
[Black "Singh, Karamtej"]
[Result "1-0"]
[WhiteElo "1995"]
[BlackElo "1895"]
[PlyCount "93"]
[EventDate "1995.03.??"]
[EventType "swiss"]
[EventRounds "5"]
[EventCountry "CAN"]
[SourceTitle "EXT 2021"]
[Source "ChessBase"]
[SourceDate "2020.10.23"]
[SourceVersion "1"]
[SourceVersionDate "2020.10.23"]
[SourceQuality "1"]

1. e4 e5 2. d4 Nf6 3. Nf3 exd4 4. Bc4 Bc5 5. e5 d5 6. exf6 dxc4 7. fxg7 Rg8 8. Bg5 Qd6 9. Qe2+ Be6 10. Bf6 Nd7 11. Bh4 Rxg7 12. 0-0 f6 13. Bg3 Qb6 14. Bxc7 Qxc7 15. Qxe6+ Re7 16. Qg8+ Nf8 17. Qxc4 a6 18. b4 Bb6 19. Qxc7 Bxc7 20. Nxd4 Be5 21. c3 Rc8 22. Nf5 Rec7 23. Re1 Kf7 24. Rxe5 fxe5 25. Nd6+ Ke6 26. Nxc8 Rxc8 27. Nd2 Kf5 28. Rc1 Ng6 29. g3 h5 30. Nb3 b6 31. a4 h4 32. c4 hxg3 33. hxg3 b5 34. axb5 axb5 35. cxb5 Rxc1+ 36. Nxc1 Ne7 37. Kf1 Nd5 38. Nd3 e4 39. Nc5 Nxb4 40. Ke2 Nd5 41. Kd2 Ke5 42. Na4 Kd6 43. b6 Kc6 44. g4 Nb4 45. g5 Nd3 46. g6 Nxf2 47. g7 1-0